Richest Players In IPL 2024 - Statistics

General Stats
  • This quiz has been taken 16 times
  • The average score is 4 of 6
Answer Stats
Hint Answer % Correct
27 CR Rishabh Pant
94%
26.75 CR Shreyas Iyer
94%
23.75 CR Venkatesh Iyer
88%
21 CR Virat Kohli
63%
21 CR Nicholas Pooran
38%
23 CR Henrich Klassen
25%
No matching quizzes found
Score Distribution
Percent of People with Each Score
Percentile by Number Answered
Your Score History
You have not taken this quiz